000 00692nam a2200289Ia 4500
005 20260324130824.0
008 008 260324s9999 xx 000 0 eng d
020 _a9780203969977
037 _aEBOOK
040 _aCRL
040 _beng
040 _cCRL
041 _2eng
041 _aeng
084 _qCRL
100 _aTony Collins
_91166469
245 0 _aRugby's Great Split
245 0 _bClass, Culture and the Origins of Rugby League Football
260 _bTaylor and Francis
260 _c2007
365 _a
365 _b290
856 _uhttp://www.taylorfrancis.com/books/9780203969977
942 _cEBOOK
999 _c1779751
_d1779751